000 00945nas a2200313 4500
001 BR2011002692
003 BR-BrBNA
005 20231205115312.0
007 ta
008 230509b bl.|||p| |||| 00| 00por d
040 _aBR-BrBNA
_bpor
_cBiblioteca Nacional de Agricultura
041 _a(Pt)
072 _aF01
100 1 _aPereira, C.S.
100 1 _aSiqueira, D.L. de
100 1 _aSalomão, L.C.C.
100 1 _aCecon, P.R.
245 1 _aFixação de frutos de limeiras ácidas Tahiti aneladas e tratadas com ácido giberélico
650 _aLIMA
650 _aFRUTA CÍTRICA
650 _aÁCIDO GIBERÉLICO
650 _aANELAGEM
650 _aRAMO
650 _aPRÁTICA CULTURAL
650 _aREGULADOR DE CRESCIMENTO
773 0 _tRevista Brasileira de Fruticultura (Brazil)
_xISSN 0100 2945
_g(Dec 2010), v. 32(4) p. 1238-1243
_wBR2011002692
909 _a202311
_bLúcia
_c55
_dLúcia Elande
942 _2AGRIS
_n0
_cANA
999 _c213106
_d213106